000 00383nam a22001697a 4500
005 20160624140955.0
008 160624b xxu||||| |||| 00| 0 eng d
020 _a81-229-0004-6
041 _aeng
082 _b9838
100 _aFox, Walter
_92677
245 _aWriting the News
260 _bSurjeet
_c2003
300 _a150
650 _aMass Communication
_92660
942 _cBK
999 _c3857
_d3856